书目信息 |
| 题名: |
韩流全明星
|
|
| 作者: | 刘晴 编著 | |
| 分册: | ||
| 出版信息: | 北京 现代出版社 2004 |
|
| 页数: | 205页 | |
| 开本: | 21cm | |
| 丛书名: | 梦工场系列丛书 | |
| 单 册: | ||
| 中图分类: | K833.126.578=6 , K833.12 | |
| 科图分类: | ||
| 主题词: | 演员--生平事迹--韩国--现代 , 演员 | |
| 电子资源: | ||
| ISBN: | 7-80188-117-6 | |
| 000 | 00825oam2 2200265 450 | |
| 001 | 1560498265 | |
| 005 | 20150120164853.17 | |
| 010 | @a7-80188-117-6@dCNY25.00 | |
| 100 | @a20040719d2004 em y0chiy50 ea | |
| 101 | 0 | @achi |
| 102 | @aCN@b110000 | |
| 105 | @aa z 000yd | |
| 200 | 1 | @a韩流全明星@9han liu quan ming xing@f刘晴等编著 |
| 210 | @a北京@c现代出版社@d2004 | |
| 215 | @a205页@c照片@d21cm | |
| 225 | 2 | @a梦工场系列丛书 |
| 330 | @a该书介绍了安在旭、金喜善、元彬、张娜拉、车太贤、金智贤、张东健、蔡琳、金正银等人的生平事迹,并给出了个人档案。 | |
| 461 | 0 | @12001 @a梦工场系列丛书 |
| 606 | 0 | @a演员@x生平事迹@y韩国@z现代 |
| 606 | 0 | @a演员 |
| 690 | @aK833.126.578=6@v5 | |
| 690 | @aK833.12@v4 | |
| 701 | 0 | @a刘晴@9liu qing@c(娱乐业)@4编著 |
| 801 | 0 | @aCN@bTSSF@c20150120 |
| 905 | @aZUCC@dK833.12@eJY122 | |
| 韩流全明星/刘晴等编著.-北京:现代出版社,2004 |
| 205页:照片;21cm.-(梦工场系列丛书) |
| ISBN 7-80188-117-6:CNY25.00 |
| 该书介绍了安在旭、金喜善、元彬、张娜拉、车太贤、金智贤、张东健、蔡琳、金正银等人的生平事迹,并给出了个人档案。 |
| ● |
| 相关链接 |
|
|
|
|
正题名:韩流全明星
索取号:K833.12/JY122
 
预约/预借
| 序号 | 登录号 | 条形码 | 馆藏地/架位号 | 状态 | 备注 |
| 1 | 7836913 | 278369132 | 学院路分馆/ [索取号:K833.12/JY122] | 在馆 | |
| 2 | 7836914 | 278369141 | 学院路分馆/ [索取号:K833.12/JY122] | 在馆 |